000 00857nam a2200301 a 4500
001 000108239
003 CHAP
005 20220329144004.0
008 140117s2011 waua |r| |||1|||eng d
010 _a104701
011 _a105673
020 _a9781555816605
040 _cCHAP
082 0 4 _a589.2
_bL33 2011
100 1 _aLarone, Davise Honig
_9125175
245 1 0 _aMedically important fungi :
_ba guide to identification /
_cpor Davise H. Larone.
250 _a5 ed.
260 _aWashington, DC :
_bASM Press,
_cc2011.
300 _axxii, 485 p. :
_bil., tablas.
590 _aE11695DGD
_b10
_c20140117
_lUCH01
_h1345
590 _aE6096MTM
_b05
_c20140117
_lUCH01
_h1022
650 1 4 _aHongos patógenos.
_956136
650 1 4 _aHongos
_xIdentificación.
_956105
650 1 4 _aMicología.
_975476
901 _aBK
942 _cLIBRO
942 _n0
999 _c104701
_d104701